<?xml version="1.0" encoding="UTF-8"?>
<record
    xmlns:xsi="http://www.w3.org/2001/XMLSchema-instance"
    xsi:schemaLocation="http://www.loc.gov/MARC21/slim http://www.loc.gov/standards/marcxml/schema/MARC21slim.xsd"
    xmlns="http://www.loc.gov/MARC21/slim">

  <leader>01359nam0a2200313   4500</leader>
  <controlfield tag="001">RU\NLR\bibl\184178</controlfield>
  <controlfield tag="005">20250618063812.0</controlfield>
  <datafield tag="010" ind1=" " ind2=" ">
    <subfield code="a">5-900261-81-6</subfield>
    <subfield code="9">450</subfield>
  </datafield>
  <datafield tag="035" ind1=" " ind2=" ">
    <subfield code="a">(NLR Aleph) 000180771</subfield>
  </datafield>
  <datafield tag="090" ind1=" " ind2=" ">
    <subfield code="a">1043606</subfield>
    <subfield code="c">1043606</subfield>
  </datafield>
  <datafield tag="100" ind1=" " ind2=" ">
    <subfield code="a">20010919d1999    |||y0rusy50      ca</subfield>
  </datafield>
  <datafield tag="101" ind1="0" ind2=" ">
    <subfield code="a">rus</subfield>
    <subfield code="a">eng</subfield>
  </datafield>
  <datafield tag="102" ind1=" " ind2=" ">
    <subfield code="a">RU</subfield>
  </datafield>
  <datafield tag="105" ind1=" " ind2=" ">
    <subfield code="a">y   |||||||||</subfield>
  </datafield>
  <datafield tag="200" ind1="1" ind2=" ">
    <subfield code="a">&#x424;&#x43E;&#x440;&#x43C;&#x438;&#x440;&#x43E;&#x432;&#x430;&#x43D;&#x438;&#x435; &#x444;&#x43E;&#x43D;&#x434;&#x430; &#x443;&#x441;&#x442;&#x43E;&#x439;&#x447;&#x438;&#x432;&#x44B;&#x445; &#x441;&#x43B;&#x43E;&#x432;&#x43E;&#x441;&#x43E;&#x447;&#x435;&#x442;&#x430;&#x43D;&#x438;&#x439; &#x432; &#x44F;&#x437;&#x44B;&#x43A;&#x435; &#x433;&#x430;&#x437;&#x435;&#x442;&#x43D;&#x43E;&#x439; &#x43F;&#x435;&#x440;&#x435;&#x434;&#x43E;&#x432;&#x438;&#x446;&#x44B; &#x430;&#x43C;&#x435;&#x440;&#x438;&#x43A;&#x430;&#x43D;&#x441;&#x43A;&#x43E;&#x439; &#x43F;&#x440;&#x435;&#x441;&#x441;&#x44B; 1970-1990-&#x445; &#x433;&#x43E;&#x434;&#x43E;&#x432;</subfield>
    <subfield code="f">&#x424;&#x435;&#x434;&#x43E;&#x440;&#x43E;&#x432; &#x412;.&#x412;.</subfield>
    <subfield code="g">&#x41A;&#x430;&#x43C;&#x447;. &#x433;&#x43E;&#x441;. &#x43F;&#x435;&#x434;. &#x438;&#x43D;-&#x442;</subfield>
  </datafield>
  <datafield tag="210" ind1=" " ind2=" ">
    <subfield code="a">&#x41F;&#x435;&#x442;&#x440;&#x43E;&#x43F;&#x430;&#x432;&#x43B;&#x43E;&#x432;&#x441;&#x43A;-&#x41A;&#x430;&#x43C;&#x447;&#x430;&#x442;&#x441;&#x43A;&#x438;&#x439;</subfield>
    <subfield code="c">&#x418;&#x437;&#x434;-&#x432;&#x43E; &#x41A;&#x413;&#x41F;&#x418;</subfield>
    <subfield code="d">1999</subfield>
  </datafield>
  <datafield tag="215" ind1=" " ind2=" ">
    <subfield code="a">86 &#x441;.</subfield>
    <subfield code="d">20</subfield>
  </datafield>
  <datafield tag="320" ind1=" " ind2=" ">
    <subfield code="a">&#x411;&#x438;&#x431;&#x43B;&#x438;&#x43E;&#x433;&#x440;.: &#x441;. 52-65 (212 &#x43D;&#x430;&#x437;&#x432;.)</subfield>
  </datafield>
  <datafield tag="606" ind1="0" ind2=" ">
    <subfield code="a">&#x413;&#x430;&#x437;&#x435;&#x442;&#x44B;</subfield>
    <subfield code="x">&#x42F;&#x437;&#x44B;&#x43A; &#x438; &#x441;&#x442;&#x438;&#x43B;&#x44C;</subfield>
    <subfield code="y">&#x421;&#x43E;&#x435;&#x434;&#x438;&#x43D;&#x435;&#x43D;&#x43D;&#x44B;&#x435; &#x428;&#x442;&#x430;&#x442;&#x44B; &#x410;&#x43C;&#x435;&#x440;&#x438;&#x43A;&#x438;</subfield>
    <subfield code="9">1336564</subfield>
    <subfield code="3">RU\NLR\auth\66241690</subfield>
  </datafield>
  <datafield tag="606" ind1="0" ind2=" ">
    <subfield code="a">&#x410;&#x43D;&#x433;&#x43B;&#x438;&#x439;&#x441;&#x43A;&#x438;&#x439; &#x44F;&#x437;&#x44B;&#x43A;</subfield>
    <subfield code="x">&#x421;&#x43B;&#x43E;&#x432;&#x43E;&#x441;&#x43E;&#x447;&#x435;&#x442;&#x430;&#x43D;&#x438;&#x435;</subfield>
    <subfield code="9">974919</subfield>
    <subfield code="3">RU\NLR\auth\6647392</subfield>
  </datafield>
  <datafield tag="606" ind1="0" ind2=" ">
    <subfield code="a">&#x410;&#x43D;&#x433;&#x43B;&#x438;&#x439;&#x441;&#x43A;&#x438;&#x439; &#x44F;&#x437;&#x44B;&#x43A;</subfield>
    <subfield code="x">&#x421;&#x442;&#x438;&#x43B;&#x438;&#x441;&#x442;&#x438;&#x43A;&#x430;</subfield>
    <subfield code="9">977129</subfield>
    <subfield code="3">RU\NLR\auth\6648589</subfield>
  </datafield>
  <datafield tag="686" ind1=" " ind2=" ">
    <subfield code="a">&#x428;143.21-70</subfield>
  </datafield>
  <datafield tag="686" ind1=" " ind2=" ">
    <subfield code="a">&#x427;612.174.235</subfield>
  </datafield>
  <datafield tag="700" ind1=" " ind2="1">
    <subfield code="a">&#x424;&#x435;&#x434;&#x43E;&#x440;&#x43E;&#x432;</subfield>
    <subfield code="b">&#x412;. &#x412;.</subfield>
    <subfield code="4">070</subfield>
  </datafield>
  <datafield tag="801" ind1=" " ind2="0">
    <subfield code="a">RU</subfield>
    <subfield code="b">NLR</subfield>
    <subfield code="c">20010919</subfield>
    <subfield code="g">PSBO</subfield>
  </datafield>
  <datafield tag="801" ind1=" " ind2="1">
    <subfield code="a">RU</subfield>
    <subfield code="b">NLR</subfield>
    <subfield code="c">20010919</subfield>
  </datafield>
  <datafield tag="942" ind1=" " ind2=" ">
    <subfield code="c">BOOK</subfield>
  </datafield>
  <datafield tag="980" ind1=" " ind2=" ">
    <subfield code="a">NB</subfield>
  </datafield>
  <datafield tag="995" ind1=" " ind2=" ">
    <subfield code="5">2001-09-19</subfield>
    <subfield code="a">a9</subfield>
    <subfield code="b">NLR01</subfield>
    <subfield code="c">NLR01</subfield>
    <subfield code="e">RF8</subfield>
    <subfield code="f">1-1299629</subfield>
    <subfield code="k">2001-4/8199</subfield>
    <subfield code="o">0</subfield>
    <subfield code="r">BOOK</subfield>
    <subfield code="s">200148199_</subfield>
  </datafield>
  <datafield tag="995" ind1=" " ind2=" ">
    <subfield code="5">2001-09-19</subfield>
    <subfield code="a">az</subfield>
    <subfield code="b">NLR01</subfield>
    <subfield code="c">NLR01</subfield>
    <subfield code="e">RF8</subfield>
    <subfield code="f">159303</subfield>
    <subfield code="k">2001-4/8199</subfield>
    <subfield code="o">0</subfield>
    <subfield code="r">BOOK</subfield>
    <subfield code="s">200148199_</subfield>
  </datafield>
</record>
